000 003160000a22001450004500
003 MACL
040 _aMACL
090 _c33302
_d33300
100 _aMukhi's, Vijay
245 _aPracle 6.0 The basic
260 _bBP B Publications
_c1993
350 _a150
650 _aComputer probraming
942 _cBOOK
_k005/lam
999 _c32952
_d32952